000 00688nam a2200217 a 4500
001 85903
003 BD-RjUL
005 20251030154112.0
008 251030b ii ||||| |||| 00| 0 ben d
035 _a(BD-RjUL)85903
040 _aBD-RjUL
_beng
_cBD-RjUL
041 _aben
082 _223
_a891.443
_bMIM
100 _aমিত্র, নরেন্দ্রনাথ
245 _aমিশ্ররাগ /
_cনরেন্দ্রনাথ মিত্র
260 _aকলিকাতা :
_bমিত্র ও ঘোষ,
300 _a২০৭ পৃ.;
_c১৮ সেমি.
650 _aবাংলা গল্প
650 _aBengali story
942 _2ddc
_cBK
999 _c85903
_d85903